000
00340nam a22001457a 4500
008
210526b ||||| |||| 00| 0 eng d
020
_a
0874845424
041
_a
eng
080
_2
3rd
_a
37
082
_a
37
100
_a
46
101
_a
EDU
245
_a
Group Processes An Introduction to Group Dynamics
_c
Joseph Luft
942
_2
udc
_c
BK
999
_c
57619
_d
57619